[Event "Curitiba IEP&Copel op"]
[Site "Curitiba"]
[Date "2017.05.14"]
[Round "6"]
[White "Carvalho, Celestino Jr"]
[Black "Santos Filho, Valter"]
[Result "1-0"]
[WhiteElo "1963"]
[BlackElo "1756"]
[PlyCount "99"]
[EventDate "2017.05.12"]
[EventType "swiss"]
[EventRounds "6"]
[EventCountry "BRA"]
[SourceTitle "CBM 178 Extra"]
[Source "ChessBase"]
[SourceDate "2017.06.22"]
[SourceVersion "1"]
[SourceVersionDate "2017.06.22"]
[SourceQuality "1"]

1. e4 c6 2. d4 d5 3. exd5 cxd5 4. c4 e6 5. Nc3 Nf6 6. Nf3 dxc4 7. Bxc4 Be7 8. 0-0 0-0 9. Re1 Re8 10. Ne5 Nc6 11. Nxc6 bxc6 12. Be3 Nd5 13. Rc1 Nxe3 14. fxe3 c5 15. d5 exd5 16. Nxd5 Bf8 17. Qf3 Be6 18. Rcd1 Qh4 19. Rc1 Bd6 20. g3 Qg5 21. Nf4 Bxc4 22. Rxc4 Qf6 23. Qf2 Re5 24. e4 Rg5 25. Nh3 Qxf2+ 26. Nxf2 Re8 27. Rd1 Bb8 28. Rd5 Rxd5 29. exd5 Bd6 30. Ne4 Be5 31. Nxc5 Bxb2 32. d6 Kf8 33. Nb7 Bf6 34. Kf1 Rb8 35. d7 Bd8 36. Re4 Be7 37. Rc4 Rxb7 38. Rc8+ Bd8 39. Rxd8+ Ke7 40. Rg8 Rxd7 41. Rxg7 h5 42. Rg5 h4 43. gxh4 Rd4 44. Ra5 Rd7 45. Ra6 f6 46. Ke2 Kf7 47. h5 Kg7 48. Ke3 Kh6 49. Rxf6+ Kxh5 50. Ke4 1-0

[Event "Curitiba IEP&Copel op"]
[Site "Curitiba"]
[Date "2017.05.14"]
[Round "5"]
[White "Santos Filho, Valter"]
[Black "Correa, Jose Augusto"]
[Result "0-1"]
[WhiteElo "1756"]
[BlackElo "1966"]
[PlyCount "95"]
[EventDate "2017.05.12"]
[EventType "swiss"]
[EventRounds "6"]
[EventCountry "BRA"]
[SourceTitle "CBM 178 Extra"]
[Source "ChessBase"]
[SourceDate "2017.06.22"]
[SourceVersion "1"]
[SourceVersionDate "2017.06.22"]
[SourceQuality "1"]

1. e4 c5 2. Nf3 g6 3. d4 cxd4 4. Nxd4 Bg7 5. c3 Nc6 6. Be3 Nf6 7. Bd3 0-0 8. 0-0 d5 9. Nd2 Ng4 10. Nxc6 bxc6 11. Bf4 e5 12. Bg3 f5 13. exf5 gxf5 14. h3 Nh6 15. c4 f4 16. Bh2 e4 17. Nxe4 dxe4 18. Bxe4 Qxd1 19. Raxd1 Bxb2 20. Bxc6 Rb8 21. Rfe1 Bb7 22. Bxb7 Rxb7 23. Re6 Kg7 24. Rb1 Rff7 25. Kf1 Bc3 26. Rc1 Bd4 27. Re4 Bc5 28. Bxf4 Rbe7 29. Bxh6+ Kxh6 30. Rxe7 Rxe7 31. Re1 Rxe1+ 32. Kxe1 Kg5 33. g3 Kf5 34. f3 Ke5 35. Kd2 Kd4 36. g4 Kxc4 37. h4 Kd4 38. Ke2 Ke5 39. Kf1 Kf4 40. Kg2 Bd4 41. g5 Bc5 42. Kh3 Kxf3 43. h5 Bd4 44. h6 Kf4 45. Kh4 Kf5 46. Kh5 Bf2 47. a3 a6 48. a4 0-1

[Event "Curitiba IEP&Copel op"]
[Site "Curitiba"]
[Date "2017.05.12"]
[Round "2"]
[White "Ferraz, Dimitri Vinicius da"]
[Black "Santos Filho, Valter"]
[Result "0-1"]
[WhiteElo "1800"]
[BlackElo "1756"]
[PlyCount "64"]
[EventDate "2017.05.12"]
[EventType "swiss"]
[EventRounds "6"]
[EventCountry "BRA"]
[SourceTitle "CBM 178 Extra"]
[Source "ChessBase"]
[SourceDate "2017.06.22"]
[SourceVersion "1"]
[SourceVersionDate "2017.06.22"]
[SourceQuality "1"]

1. d4 d5 2. c4 e6 3. Nc3 Nf6 4. Bg5 Be7 5. Nf3 0-0 6. e3 b6 7. Bd3 Bb7 8. cxd5 Nxd5 9. Nxd5 Bxd5 10. Bxe7 Qxe7 11. 0-0 f5 12. Ne5 Qg5 13. f3 Qxe3+ 14. Rf2 Qxd4 15. Qe1 Re8 16. Rc1 c5 17. a3 Nc6 18. Nxc6 Bxc6 19. Rd1 Qf6 20. Qc3 Qxc3 21. bxc3 Rad8 22. Rfd2 b5 23. c4 b4 24. axb4 cxb4 25. Bc2 Rxd2 26. Rxd2 a5 27. Rd1 a4 28. Bd3 b3 29. Ra1 Rd8 30. Be2 Rd2 31. Bf1 b2 32. Rb1 a3 0-1

[Event "Parana-ch"]
[Site "Pirai do Sul"]
[Date "2017.02.04"]
[Round "6"]
[White "Santos Filho, Valter"]
[Black "Schmidt, Guilherme Machado L"]
[Result "1-0"]
[WhiteElo "1748"]
[BlackElo "1495"]
[PlyCount "108"]
[EventDate "2017.02.01"]
[EventType "swiss"]
[EventRounds "8"]
[EventCountry "BRA"]
[SourceTitle "CBM 176 Extra"]
[Source "ChessBase"]
[SourceDate "2017.03.02"]
[SourceVersion "1"]
[SourceVersionDate "2017.03.02"]
[SourceQuality "1"]

1. d4 Nf6 2. c4 g6 3. Nf3 Bg7 4. g3 d6 5. Bg2 0-0 6. 0-0 Nbd7 7. Nc3 e5 8. e3 Ne8 9. d5 f5 10. e4 Nc5 11. b4 fxe4 12. Ng5 Nd3 13. Bxe4 Nxc1 14. Qxc1 Bh6 15. h4 Bxg5 16. hxg5 Bf5 17. f4 exf4 18. gxf4 Qd7 19. Qd1 Ng7 20. Bxf5 Qxf5 21. Qf3 Rae8 22. Nb5 a6 23. Nxc7 Re7 24. Ne6 Nxe6 25. dxe6 Rxe6 26. Qxb7 Qg4+ 27. Qg2 Rxf4 28. Rxf4 Qxf4 29. Qa8+ Kg7 30. Qb7+ Qf7 31. Qxf7+ Kxf7 32. Rd1 Ke7 33. Rd5 Re4 34. a3 Rxc4 35. Ra5 Rc6 36. Kf2 Rb6 37. Ke3 Rb5 38. Rxa6 Rxg5 39. a4 h5 40. Ra7+ Ke6 41. b5 Rg3+ 42. Kd4 Rb3 43. Kc4 Rb1 44. a5 d5+ 45. Kc5 Rc1+ 46. Kd4 Rc4+ 47. Kd3 Rb4 48. b6 Kd6 49. b7 Kc7 50. a6 h4 51. Ra8 Rxb7 52. axb7 Kxb7 53. Rg8 h3 54. Rxg6 h2 1-0

[Event "Parana-ch"]
[Site "Pirai do Sul"]
[Date "2017.02.01"]
[Round "1"]
[White "Martins, Carlos"]
[Black "Santos Filho, Valter"]
[Result "1-0"]
[WhiteElo "2277"]
[BlackElo "1748"]
[PlyCount "45"]
[EventDate "2017.02.01"]
[EventType "swiss"]
[EventRounds "8"]
[EventCountry "BRA"]
[SourceTitle "CBM 176 Extra"]
[Source "ChessBase"]
[SourceDate "2017.03.02"]
[SourceVersion "1"]
[SourceVersionDate "2017.03.02"]
[SourceQuality "1"]

1. e4 c5 2. Nf3 e6 3. d4 cxd4 4. Nxd4 a6 5. Bd3 Qc7 6. 0-0 Nc6 7. Nxc6 bxc6 8. Nd2 d5 9. f4 Ne7 10. Qe2 c5 11. exd5 Nxd5 12. Nc4 Nb6 13. f5 Nxc4 14. Bxc4 Bd6 15. fxe6 Bxh2+ 16. Kh1 Bb7 17. Rxf7 Qg3 18. Bb5+ Kd8 19. e7+ Kc7 20. e8Q+ Kb6 21. Rxb7+ Kxb7 22. Qc6+ Kb8 23. Qb6+ 1-0

[Event "Curitiba op"]
[Site "Curitiba"]
[Date "2016.04.21"]
[Round "2.26"]
[White "Santos Filho, Valter"]
[Black "Borensztajn, David"]
[Result "1/2-1/2"]
[WhiteElo "1752"]
[BlackElo "2260"]
[PlyCount "97"]
[EventDate "2016.04.21"]
[EventType "swiss"]
[EventRounds "7"]
[EventCountry "BRA"]
[SourceTitle "EXT 2022"]
[Source "ChessBase"]
[SourceDate "2021.10.06"]
[SourceVersion "1"]
[SourceVersionDate "2021.10.06"]
[SourceQuality "1"]

1. d4 Nf6 2. Nf3 c5 3. d5 g6 4. c4 b5 5. cxb5 a6 6. bxa6 Bxa6 7. g3 Bg7 8. Bg2 d6 9. 0-0 0-0 10. Nc3 Nbd7 11. Re1 Ng4 12. e4 Nge5 13. Nxe5 Nxe5 14. Kh1 Nd3 15. Re2 Nxc1 16. Rxc1 Bxe2 17. Qxe2 Qa5 18. a3 Rfb8 19. Bf1 Rb3 20. f4 Bxc3 21. bxc3 Rxc3 22. Rb1 Rxa3 23. Rb7 Ra2 24. Qe3 Ra1 25. Kg2 Qa2+ 26. Be2 Ra3 27. Qf2 Qc2 28. Rxe7 Kf8 29. Re8+ Kg7 30. f5 R1a2 31. Kf1 Qc1+ 32. Kg2 Qd2 33. Kf1 Ra1+ 34. Kg2 Re1 35. f6+ Kh6 36. Bg4 Qxf2+ 37. Kxf2 Rc1 38. e5 dxe5 39. Rxe5 Ra6 40. Be6 Rc2+ 41. Kf3 g5 42. h4 gxh4 43. Re4 Rc3+ 44. Kg4 hxg3 45. Kf5 Rf3+ 46. Ke5 Rd3 47. Kf5 Rf3+ 48. Ke5 Rd3 49. Kf5 1/2-1/2

[Event "Curitiba Parana-ch"]
[Site "Curitiba"]
[Date "2016.01.28"]
[Round "4"]
[White "Santos Filho, Valter"]
[Black "Das Chagas, David Ferreira"]
[Result "1-0"]
[WhiteElo "1646"]
[BlackElo "2023"]
[PlyCount "81"]
[EventDate "2016.01.26"]
[EventType "swiss"]
[EventRounds "8"]
[EventCountry "BRA"]
[SourceTitle "CBM 170 Extra"]
[Source "ChessBase"]
[SourceDate "2016.02.25"]
[SourceVersion "1"]
[SourceVersionDate "2016.02.25"]
[SourceQuality "1"]

1. e4 c5 2. d3 Nc6 3. g3 e6 4. Bg2 Be7 5. Nf3 Nf6 6. 0-0 0-0 7. Re1 d5 8. exd5 Nxd5 9. c3 Bf6 10. Nbd2 e5 11. h3 h6 12. Nf1 Be6 13. h4 Qd7 14. N3h2 Rad8 15. Be4 Be7 16. h5 f5 17. Bf3 Nf6 18. Bxc6 Qxc6 19. Rxe5 Ng4 20. Nxg4 fxg4 21. Qe2 Rf6 22. Bf4 Kf7 23. Re1 Re8 24. d4 cxd4 25. cxd4 Qd7 26. Re3 Bd5 27. Nh2 Be6 28. Be5 Bb4 29. Rd1 Rf5 30. a3 Ba5 31. b4 Bb6 32. Re1 Rxh5 33. Bxg7 Rd5 34. Re4 Bxd4 35. Bxh6 Rh5 36. Qd2 Rd5 37. Nxg4 Rh8 38. Rxd4 Qd6 39. Rxd5 Bxd5 40. Ne5+ Kg8 41. Qg5+ 1-0

[Event "Curitiba Parana-ch"]
[Site "Curitiba"]
[Date "2016.01.27"]
[Round "3"]
[White "Nemeth Junior, Henrique"]
[Black "Santos Filho, Valter"]
[Result "1-0"]
[WhiteElo "2006"]
[BlackElo "1646"]
[PlyCount "63"]
[EventDate "2016.01.26"]
[EventType "swiss"]
[EventRounds "8"]
[EventCountry "BRA"]
[SourceTitle "CBM 170 Extra"]
[Source "ChessBase"]
[SourceDate "2016.02.25"]
[SourceVersion "1"]
[SourceVersionDate "2016.02.25"]
[SourceQuality "1"]

1. e4 e5 2. Nc3 Nf6 3. f4 d6 4. Nf3 Bg4 5. h3 Bxf3 6. Qxf3 Nc6 7. Bb5 Be7 8. d3 0-0 9. Bxc6 bxc6 10. 0-0 exf4 11. Bxf4 c5 12. Rae1 Rb8 13. b3 Qd7 14. e5 Ne8 15. Nd5 Bd8 16. Bg3 dxe5 17. Rxe5 Nf6 18. Bf2 Qd6 19. Nxf6+ Bxf6 20. Rxc5 Be5 21. Rd5 Qf6 22. Bxa7 Ra8 23. Qe3 Qa6 24. Rxe5 Rxa7 25. a4 Rb7 26. Re1 Qc6 27. Qe4 Rb6 28. Re8 Qxe4 29. R1xe4 Rc6 30. Rxf8+ Kxf8 31. a5 g6 32. Rc4 1-0